HSK3 Tricky Places and Measure Words - Statistics

General Stats
  • This quiz has been taken 24 times
  • The average score is 11 of 14
Answer Stats
Hint Answer % Correct
饭馆,fan4 guan3 Restaurant
100%
银行, yin2 hang2 Bank
94%
国家,guo2 jua1 Nation
94%
地方,di4 fang1 Place
94%
城市,cheng2 shi4 City
88%
商店,shang1 dian4 Shop
88%
宾馆,bin1 guan3 Hotel
75%
厨房,chu2 fang2 Kitchen
75%
附近,fu4 jin4 Local area
75%
位,wei4 MW, people
75%
段,duan4 Span of time/distance
75%
把,ba3 MW, handles
69%
接到,jie1 dao4 Street
63%
种, zhong3 Type
44%
No matching quizzes found
Score Distribution
Percent of People with Each Score
Percentile by Number Answered
Your Score History
You have not taken this quiz